000 00344nam a2200145Ia 4500
008 230718s9999 xx 000 0 und d
041 _aEng.
082 _a345.05
_bICH-M
100 _aIchen, M. Zafarullah
245 0 _aMancial of colonization
260 _aPakistan
_bLahore law times
_c1979
300 _a264
650 _aLaw
999 _c26653
_d26653